01017cam a22002531 4500001001300000003000400013005001700017008004100034010001700075035001900092040005500111042001200166050002600178082001200204110003900216245008400255260002300339300001800362490003100380501023200411650003800643810006500681999001700746e 48000033 DLC20260227111233.0771205s1948 alu s000 0 eng c ae 48000033  a(OCoLC)3463670 aU. S. Office of Education LibrarycABAUdABAUdDLC apremarc00aL116b.B2 1948, no. 3 a371.1331 aAlabama.bDepartment of Education.10aCertification of Alabama teachers.cAuthorized by the State Board of Education. aMontgomeryc[1948] a68 p.c23 cm.1 aIts Bulletin, 1948,vno. 3 aWith : Better use of textbooks -- Administration and organization of education in-service in Alabama -- General school laws enacted by the Legislature of Alabama. Montgomery, 1948. Bound together subsequent to publication.5DLC 0aTeachersxCertificationzAlabama.1 aAlabama.bDepartment of Education.tBulletin ;v1948, no. 3. c22084d22084